|
|
|
|
| LEADER |
00000nab a2200000ua 4500 |
| 001 |
vtls010822593 |
| 003 |
SK-MaSNL |
| 005 |
20260303132004.0 |
| 008 |
230218s2008 xo |||||||||||||||||slo| |
| 035 |
|
|
|a (urnnbn)urn:nbn:sk:snk:ar-a061qz
|
| 035 |
|
|
|a urn:nbn:sk:snk-ab5pjh
|
| 035 |
|
|
|a (uuid)d4fbbe11-bec4-4770-b351-b2561f6f66f2
|
| 040 |
|
|
|a SNKBUCL
|b slo
|c SNKBUCL
|e AACR2
|
| 041 |
0 |
|
|a slo
|
| 044 |
|
|
|a xo
|c SK
|
| 100 |
1 |
|
|a Dudášová, D.
|4 aut
|9 1149275
|
| 245 |
1 |
0 |
|a Liečba glukokortikoidmi a inzulínová rezistencia
|c D. Dudášová, I. Dravecká, I. Lazarová, M. Oetterová, M. Zakuciová, Ž. Macejová
|
| 700 |
1 |
|
|a Dravecká, Ingrid,
|d 1967-
|4 aut
|9 23264
|
| 700 |
1 |
|
|a Lazarová, I.
|4 aut
|9 1149276
|
| 700 |
1 |
|
|a Oetterová, M.
|4 aut
|9 1134200
|
| 700 |
1 |
|
|a Zakuciová, M.
|4 aut
|9 876549
|
| 700 |
1 |
|
|a Macejová, Želmíra,
|d 1970-
|4 aut
|9 210848
|
| 773 |
0 |
|
|t Diabetes a obezita : časopis Slovenskej diabetologickej spoločnosti
|g Roč. 8, č. 15 (2008), s. 15-22
|
| 954 |
|
|
|a odborná, vedecká literatúra pôvodná (slovenská)
|2 lita
|
| 958 |
|
|
|a OND
|
| 958 |
|
|
|a EUIPO
|
| 958 |
|
|
|a article5
|
| 999 |
|
|
|c 1948413
|d 1950343
|